01717cam a22004097a 4500999001700000001000800017003000400025005001700029006001900046007001500065008004100080015001900121016001800140020002200158020001800180035002600198040005000224042001400274050002500288082001600313210002900329245010600358260003200464440006100496500015900557504004100716506004300757650004100800650003200841700002700873711009400900773004500994856012701039910003101166942001201197952009801209 c31955d319557874168OSt20170112111237.0m d cr n 060308s2006 enka sb 100 0 eng d aGBA6321022bnb7 a0134266492Uk a184628404X (pbk.) a9781846284045 a(WaSeSS)ssj0000319859 aUKMcUKMdBAKERdOHXdBWKUKdMnUdDLCdWaSeSS alccopycat 4aTJ211.35b.R643 200604a629.89222210aRobot motion and control00aRobot Motion and Controlh[electronic resource] :bRecent Developments /cKrzysztof Kozłowski (ed.). aLondon :bSpringer,cc2006. 0aLecture notes in control and information sciences ;v335 aSelected conference papers presented at the Fourth International Workshop on Robot Motion and Control, held at Puszczykowo, Poland, from June 17-20, 2004. aIncludes bibliographical references. aLicense restrictions may limit access. 0aRobotsxControl systemsvCongresses. 0aRobotsxMotionvCongresses.1 aKozłowski, Krzysztof.2 aInternational Workshop on Robot Motion and Control.n(4th :dPuszczykowo, Poland :c2004) 0tSpringerLink ebooks - Engineering (2006)40uhttp://www.columbia.edu/cgi-bin/cul/resolve?clio7874168zFull text available from SpringerLink ebooks - Engineering (2006) aLibrary of Congress record 2ddccBK 00102ddc4070aSMMEbSMMEd2015-07-14l0o629.892 KOZpSMME-524r2018-03-28w2015-07-14yBK